000 00287nam a2200133Ia 4500
100 _aKumar/U.S
942 _cBK
654 _adigital
245 _aFundamentals of Digital circuits
260 _bPrentice Hall
_c2003
082 _a621.3815
_bKUM
300 _a664
546 _aENGLISH
999 _c32940
_d32940